000 00409nam a2200133Ia 4500
008 171207s9999 xx 000 0 und d
100 _aSugheir, Jeffry S.
245 _aEffectuation and Valuation: Cannabis & Glass
245 _cJeffrey S. Sugheir, Kent E. Neupert
260 _c2017
300 _apages 102-22, March 2017
440 _aThe Journal of Entrepreneurship
_v26:1
650 _aCANNABIS INDUSTRY
999 _c347537
_d347537